Guess the Year From the Movies #5 - Statistics

General Stats
  • This quiz has been taken 171 times
  • The average score is 9 of 10
Answer Stats
Hint Answer % Correct
The Lion King / Forrest Gump / Pulp Fiction / The Shawshank Redemption 1994
100%
Monsters, Inc. / Shrek / Ocean's Eleven / A Beautiful Mind 2001
98%
Frozen / Gravity / 12 Years a Slave / American Hustle 2013
97%
Green Book / Bohemian Rhapsody / Avengers: Infinity War / Venom 2018
97%
Jaws / One Flew Over the Cuckoo's Nest / The Sunshine Boys / The Rocky Horror Picture Show 1975
96%
Kramer vs. Kramer / Alien / Apocalypse Now / The Muppet Movie 1979
93%
Mary Poppins / My Fair Lady / Goldfinger / What a Way to Go! 1964
92%
Return of the Jedi / Trading Places / Terms of Endearment / Octopussy 1983
92%
The Exorcist / American Graffiti / The Sting / Papillon 1973
91%
Rain Man / Twins / A Fish Called Wanda / Coming to America 1988
88%
No matching quizzes found
Score Distribution
Percent of People with Each Score
Percentile by Number Answered
Your Score History
You have not taken this quiz